| 000 | 00459nam a2200193Ia 4500 | ||
|---|---|---|---|
| 005 | 20250425160721.0 | ||
| 008 | 250425s9999 xx 000 0 und d | ||
| 020 | _a9501508269 | ||
| 041 | _aspa | ||
| 082 | _a155.4 | ||
| 245 | 0 | _aEL DESARROLLO MENTAL DE SU HIJO | |
| 250 | _a1A ED. | ||
| 260 |
_aArgentina _bJAVIER VERGARA EDITOR _c1988 |
||
| 260 | _aBUENOS AIRES | ||
| 300 | _a437 | ||
| 650 | _aPSICOLOGIA INFANTIL | ||
| 942 | _c01 | ||
| 010 | _a3330 | ||
| 999 |
_c194723 _d194723 |
||